| Tag |
First Indicator |
Second Indicator |
Subfields |
| LEADER |
00000cam a2200000 a 4500 |
| 001 |
in00000089237 |
| 005 |
20151008065352.0 |
| 008 |
800520s1979 hu a b 10110 engm |
| 010 |
|
|
|a 80475900
|
| 015 |
|
|
|a H***
|
| 020 |
|
|
|a 9630518481
|
| 035 |
|
|
|a (OCoLC)06426018
|
| 035 |
|
|
|9 AAK5832AM
|
| 040 |
|
|
|a DLC
|c DLC
|d m.c.
|d TXA
|d UtOrBLW
|
| 049 |
|
|
|a TXAM
|c [1805543]
|
| 050 |
0 |
0 |
|a TP159.M6
|b A43 1976
|
| 082 |
0 |
|
|a 665.5/3
|
| 111 |
2 |
|
|a All-Union Conference on Molecular Sieves in Catalysis
|n (1st :
|d 1976 :
|c Novosibirsk, R.S.F.S.R.)
|
| 245 |
1 |
0 |
|a Application of zeolites in catalysis :
|b the first All-Union Conference on Molecular Sieves in Catalysis /
|c co-sponsored by the Institute of Catalysis, Siberian Branch of the USSR Academy of Sciences, Novosibirsk, and Institute of Organic Chemistry A.N. SSSR, Moscow, March 22-25, 1976, Novosibirsk ; editors, G.K. Boreskov and Kh. M. Minachev.
|
| 264 |
|
1 |
|a Budapest :
|b Akademiai Kiado,
|c 1979.
|
| 300 |
|
|
|a 179 pages :
|b illustrations ;
|c 25 cm.
|
| 336 |
|
|
|a text
|b txt
|2 rdacontent
|
| 337 |
|
|
|a unmediated
|b n
|2 rdamedia
|
| 338 |
|
|
|a volume
|b nc
|2 rdacarrier
|
| 504 |
|
|
|a Includes bibliographical references and index.
|
| 650 |
|
0 |
|a Zeolites
|v Congresses.
|
| 650 |
|
0 |
|a Catalysis
|v Congresses.
|
| 700 |
1 |
|
|a Boreskov, Georgiĭ Konstantinovich.
|
| 700 |
1 |
|
|a Minachev, Kh. M.
|q (Khabib Minachevich)
|
| 710 |
2 |
|
|a Institut kataliza (Akademii͡a nauk SSSR)
|
| 710 |
2 |
|
|a Institut organicheskoĭ khimii im. N.D. Zelinskogo.
|
| 999 |
|
|
|a MARS
|
| 999 |
f |
f |
|s 313a9720-a895-3b21-b452-951daafb0251
|i 7131187f-ce7a-33d6-bb99-d97c568c1b80
|t 0
|
| 952 |
f |
f |
|p normal
|a Texas A&M University
|b College Station
|c Sterling C. Evans Library
|d Evans: Library Stacks
|t 0
|e TP159.M6 A43 1976
|h Library of Congress classification
|i unmediated -- volume
|m A14827095188
|
| 998 |
f |
f |
|a TP159.M6 A43 1976
|t 0
|l Evans: Library Stacks
|